| 000 | 01837aam a2200313 i 4500 | ||
|---|---|---|---|
| 001 | 768714001 | ||
| 003 | CO-MdFUSB | ||
| 005 | 20250730171718.0 | ||
| 007 | cr aa aaaaa | ||
| 008 | 160701t2010 ck ||||| |||| 00| 0 spa d | ||
| 040 |
_aCO-MdFUSB _bEspañol _cCO-MdFUSB _dCO-MdFUSB |
||
| 041 | _aspa | ||
| 100 | 1 |
_aContreras Toro, Jhon Jairo _eautor |
|
| 245 | 1 | 0 |
_aMiqueas _b: entre la exclusión y la desigualdad. Una mirada comparativa a la realidad Colombiana _c/ Kevin Orlando Calderón Medina , John Jairo Contreras Toro ; asesorado por Milton Acosta |
| 264 | 1 |
_aMedellín _b : FUSBC, _c[2010] |
|
| 300 | _a49 páginas | ||
| 336 |
_2rdacontent _atexto _btxt |
||
| 337 |
_2rdamedia _ainformático _bc |
||
| 338 |
_2rdacarrier _aremoto _bcr |
||
| 502 |
_aTrabajo de grado _c(Teología - Fundación Universitaria Seminario Bíblico de Colombia); _b2010 |
||
| 505 | _aContexto del Profeta -- Exégesis -- Contexto colombiano: panorama político y social-económico | ||
| 520 | _aLa sociedad en al que vivó Miqueas era excluyente y desigualitaria, realidades que vemos reflejadas en nuestro presente histórico colombiano. En ambos se puede ver la codicia de los líderes políticos, sociales y religiosos, que sólo buscaban obtener sus propios intereses, haciendo a un lado los intereses del pueblo. El profeta no sólo denuncia, sino que también anuncia castigo por estas malas acciones, pues, su mensaje está dado en una especie de “ley del Talión”, lo que determina que de la misma manera que se ha obrado así se recibirá el castigo. | ||
| 630 | 0 | 7 |
_aBiblia. _pMiqueas _xCrítica, interpretación, etc. |
| 650 | 1 | 0 |
_aJusticia social _91851 |
| 700 |
_aContreras Toro, John Jairo, _99196 _eautor |
||
| 700 |
_993 _aAcosta, Milton _easesor |
||
| 856 |
_aREPCI _uhttps://repositorio.repci.co/handle/123456789/678 |
||
| 942 | _cTG | ||
| 999 |
_c42624 _d42624 |
||